<?xml version="1.0" encoding="UTF-8"?>
<marc:record xmlns:marc="http://www.loc.gov/MARC21/slim">
   <marc:leader>00000nam a2200000 a 4500</marc:leader>
   <marc:datafield ind1="1" ind2=" " tag="100">
      <marc:subfield code="a">Pichon, Liz</marc:subfield>
      <marc:subfield code="4">aut</marc:subfield>
      <marc:subfield code="e">Verfasser/-in</marc:subfield>
   </marc:datafield>
   <marc:datafield ind1="0" ind2="0" tag="245">
      <marc:subfield code="a">Der helle Wahnsinn (Leuchtet nicht im Dunkeln)</marc:subfield>
   </marc:datafield>
   <marc:datafield ind1="0" ind2="0" tag="245">
      <marc:subfield code="b">Der helle Wahnsinn (leuchtet nicht im Dunkeln)</marc:subfield>
   </marc:datafield>
   <marc:datafield ind1=" " ind2="1" tag="264">
      <marc:subfield code="b">EGMONT</marc:subfield>
      <marc:subfield code="c">2018</marc:subfield>
   </marc:datafield>
   <marc:datafield ind1="1" ind2=" " tag="490">
      <marc:subfield code="a">Der helle Wahnsinn -</marc:subfield>
   </marc:datafield>
   <marc:datafield ind1="1" ind2=" " tag="520">
      <marc:subfield code="a">Hallo Leute! Das ist mein genialer Plan, um aus den DogZombies die beste Band der Welt zu machen: 1. Neue Songs schreiben (nicht über Lehrer). 2. Ein spektakuläres Musikvideo drehen (leicht). 3. Genügend schlafen (schwierig, wenn man von Krach wachgehalten wird). 4. Meine Schwester Delia ärgern (hat zwar nichts mit den DogZombies zu tun, macht aber Spass). Ob der Plan gelingt (und was vorher alles schiefläuft), erfährst du in meinem Buch. Bis geich, ich zähl auf dich! Tom</marc:subfield>
   </marc:datafield>
   <marc:datafield ind1=" " ind2=" " tag="020">
      <marc:subfield code="a">9783505138638</marc:subfield>
      <marc:subfield code="9">9783505138638</marc:subfield>
   </marc:datafield>
</marc:record>
